| 000 | 01946nam0a2200349 4500 | ||
|---|---|---|---|
| 001 | RU\NLR\bibl\1851514 | ||
| 005 | 20240725223308.0 | ||
| 020 |
_aRU _b10-11164 _9Летопись авторефератов диссертаций |
||
| 021 |
_aRU _b2011-7538а _9302аа |
||
| 035 | _a(NLR Aleph) 001841460 | ||
| 090 |
_a2277980 _c2277980 |
||
| 100 | _a20110811d2011 u u0rusy50 ca | ||
| 101 | 0 | _arus | |
| 102 | _aRU | ||
| 105 | _aa dm ||||| | ||
| 200 | 1 |
_aФизико-химические условия плавления мантии Земли в присутствии летучих компонентов _e(по экспериментальным данным) _eавтореферат диссертации на соискание ученой степени доктора геолого-минералогических наук _eспециальность 25.00.09 <Геохимия, геохимические методы поисков полезных ископаемых> _eспециальность 25.00.05 <Минералогия, кристаллография> _fЛитасов Константин Дмитриевич _g[Ин-т геологии и минералогии им. В. С. Соболева СО РАН] |
|
| 210 |
_aНовосибирск _d2011 |
||
| 215 |
_a34, [1] с. _cил. _d21 |
||
| 320 | _aБиблиогр.: с. 32-35 (44 назв.) | ||
| 675 |
_a553.2 _v3 _zrus |
||
| 686 |
_a38.49 _2rugasnti |
||
| 686 |
_a26.31 _2rubbk |
||
| 686 |
_a25.00.09 _2oksvnk |
||
| 686 |
_a25.00.05 _2oksvnk |
||
| 700 | 1 |
_aЛитасов _bК. Д. _gКонстантин Дмитриевич _4070 |
|
| 801 | 0 |
_aRU _bRKP _c20110811 _gPSBO |
|
| 801 | 1 |
_aRU _bRKP _c20110811 |
|
| 801 | 2 |
_aRU _bNLR _c20111222 _grcr |
|
| 901 | _eАвторефераты | ||
| 942 | _cBOOK | ||
| 981 | 1 | 0 | _a(10) Авторефераты |